00735nam a2200253 a 4500001001300000003000900013005001700022008004100039020000900080082001600089100002300105245003000128260004800158300000900206500003500215505002400250650001600274650002100290700002300311902000800334942000700342952011500349999001700464nice12345678IN_TiNIC20260116013627.0050524s1983 dela grp 000 0 eng  ac3500a340.50bELA aEl-Awa, Mohammad S aPunishment in Islamic Law aDelhibMarkazi Maktaba Jamat-E-Islamic1983 a147p aincludes index and biblioraphy2 aIndex, Bibliography aIslamic-Law aPunishment-Islam1 aEl-Awa, Mohammad S bSRS cBK 001040708StackRoom-aHMIbHMId2008-02-12g35.00l0o340.50 ELAp015986r2008-02-12v35.00w2005-05-24yBK c11719d11719